[Event "9th Asia-ch"]
[Site "Mashhad IRI"]
[Date "2011.05.07"]
[Round "6.12"]
[White "Cao Sang"]
[Black "Darini, Pouria"]
[Result "1/2-1/2"]
[WhiteElo "2547"]
[BlackElo "2471"]
[EventDate "2011.05.02"]
[PlyCount "88"]

1.e4 c5 2.Nf3 d6 3.Nc3 Nf6 4.d4 cxd4 5.Qxd4 Nc6 6.Bb5 Bd7 7.Bxc6 Bxc6 8.
Bg5 e6 9.O-O-O Be7 10.Kb1 O-O 11.Rhe1 h6 12.Bh4 Re8 13.Qd2 Rc8 14.Nd4 Nxe4
15.Nxe4 Bxh4 16.Nxc6 Rxc6 17.Nxd6 Rf8 18.g3 Be7 19.Ne4 Qc7 20.Re3 Rc8 21.
Rc3 f5 22.Rxc6 Qxc6 23.Nc3 Bf6 24.Qe3 b5 25.Qe2 a6 26.a3 Bxc3 27.bxc3 Qc4 
28.Rd3 Rc5 29.f4 Kh7 30.Kb2 a5 31.Re3 Qa4 32.Re5 Rxe5 33.Qxe5 Qc4 34.h4 a4
35.h5 Qc6 36.Qe2 Qd5 37.Qe3 Kg8 38.Qb6 Kh7 39.Qe3 Qd7 40.Qe2 g6 41.hxg6+ 
Kxg6 42.Qe5 Qd5 43.Qe2 Qc4 44.Qd1 Qd5 1/2-1/2

[Event "9th Asia-ch"]
[Site "Mashhad IRI"]
[Date "2011.05.07"]
[Round "6.13"]
[White "Santosh Gujrathi, Vidit"]
[Black "Paragua, Mark"]
[Result "0-1"]
[WhiteElo "2495"]
[BlackElo "2542"]
[EventDate "2011.05.02"]
[PlyCount "82"]

1.d4 d5 2.c4 c6 3.Nf3 Nf6 4.e3 e6 5.Bd3 Nbd7 6.O-O Bd6 7.Nbd2 O-O 8.e4 
dxe4 9.Nxe4 Nxe4 10.Bxe4 h6 11.Bc2 e5 12.Re1 Bb4 13.Bd2 Bxd2 14.Qxd2 exd4 
15.Qxd4 Nf6 16.Qc3 Qc7 17.Re3 Be6 18.Ne5 Rad8 19.h3 c5 20.b3 Rd4 21.Rae1 
Rfd8 22.Nf3 R4d6 23.Ne5 a6 24.Rg3 Nh5 25.Qe3 Rd4 26.Rf3 Qa5 27.Re2 Rd2 28.
Nd3 Rxe2 29.Qxe2 Nf6 30.a4 Rd4 31.Qe3 Re4 32.Qxc5 Qd2 33.Nb4 Qc1+ 34.Kh2 
Re1 35.Re3 Rh1+ 36.Kg3 Rxh3+ 37.gxh3 Qg1+ 38.Kf3 Bg4+ 39.Kf4 g5+ 40.Ke5 
Nd7+ 41.Kd6 Qh2+ 0-1

[Event "9th Asia-ch"]
[Site "Mashhad IRI"]
[Date "2011.05.07"]
[Round "6.14"]
[White "Gomez, John Paul"]
[Black "Pourramezanali, Amirreza"]
[Result "1-0"]
[WhiteElo "2538"]
[BlackElo "2330"]
[EventDate "2011.05.02"]
[PlyCount "61"]

1.d4 d5 2.c4 c6 3.Nf3 Nf6 4.e3 e6 5.Nbd2 c5 6.b3 Nc6 7.Bb2 cxd4 8.exd4 Be7
9.Bd3 O-O 10.O-O b6 11.Re1 Bb7 12.Rc1 Rc8 13.a3 Qc7 14.b4 dxc4 15.Nxc4 Qf4
16.Ne3 Rfd8 17.Qe2 Bd6 18.d5 Nxd5 19.g3 Qh6 20.Nxd5 exd5 21.Nh4 Ne7 22.Qg4
Rxc1 23.Bxc1 Qf6 24.Bg5 Qc3 25.Qe2 f6 26.Bc1 Be5 27.f4 Bd4+ 28.Kg2 Re8 29.
Bxh7+ Kh8 30.Qh5 Be5 31.Be4+ 1-0

[Event "9th Asia-ch"]
[Site "Mashhad IRI"]
[Date "2011.05.07"]
[Round "6.15"]
[White "Lou Yiping"]
[Black "Sethuraman, Panayapan"]
[Result "1/2-1/2"]
[WhiteElo "2435"]
[BlackElo "2527"]
[EventDate "2011.05.02"]
[PlyCount "89"]

1.d4 Nf6 2.c4 e6 3.Nc3 Bb4 4.Qc2 d5 5.cxd5 exd5 6.Bg5 c5 7.dxc5 h6 8.Bh4 
g5 9.Bg3 Ne4 10.O-O-O Bxc3 11.f3 Bd2+ 12.Rxd2 Nxd2 13.Qxd2 Be6 14.e3 Nd7 
15.Bd6 Rc8 16.Bb5 a6 17.Ba4 Rg8 18.Qc3 b6 19.Ne2 bxc5 20.Bxc5 f6 21.b4 Kf7
22.Nd4 Qc7 23.Bxd7 Bxd7 24.Kd2 a5 25.a3 Qe5 26.g3 axb4 27.axb4 Ra8 28.Qb3 
g4 29.Rf1 Ra4 30.fxg4 Qe4 31.Rf4 Qg2+ 32.Kc3 Rga8 33.Qb1 Kg7 34.Nb3 Ra2 
35.g5 hxg5 36.Rxf6 Kxf6 37.Bd4+ Ke7 38.Qh7+ Kd6 39.Qg6+ Be6 40.Bc5+ Kc7 
41.Bb6+ Kd6 42.Bc5+ Kc7 43.Bb6+ Kb8 44.Qe8+ Bc8 45.Nc5 1/2-1/2

[Event "9th Asia-ch"]
[Site "Mashhad IRI"]
[Date "2011.05.07"]
[Round "6.16"]
[White "Kunte, Abhijit"]
[Black "Wang Chen"]
[Result "1/2-1/2"]
[WhiteElo "2526"]
[BlackElo "2436"]
[EventDate "2011.05.02"]
[PlyCount "68"]

1.d4 d5 2.c4 e6 3.Nf3 Nf6 4.g3 g6 5.Bg2 Bg7 6.O-O O-O 7.Nc3 Nc6 8.Ne5 Ne7 
9.Qd3 c6 10.Rd1 b6 11.b4 Bb7 12.Rb1 Nd7 13.Bf4 Nxe5 14.Bxe5 f6 15.Bf4 Qd7 
16.c5 e5 17.dxe5 fxe5 18.Bg5 h6 19.Bxe7 Qxe7 20.Qxg6 Rf6 21.Qc2 e4 22.e3 
Raf8 23.b5 bxc5 24.Rf1 Kh8 25.a4 cxb5 26.axb5 Rf5 27.Ne2 Be5 28.Rbc1 Bd6 
29.Ra1 Rxf2 30.Rxa7 R8f7 31.Qc3+ Kh7 32.Qc2 Qf6 33.Nc3 Kg7 34.Raa1 Be5 
1/2-1/2

[Event "9th Asia-ch"]
[Site "Mashhad IRI"]
[Date "2011.05.07"]
[Round "6.17"]
[White "Alavi Sayed, Javad"]
[Black "Barbosa, Oliver"]
[Result "0-1"]
[WhiteElo "2428"]
[BlackElo "2506"]
[EventDate "2011.05.02"]
[PlyCount "128"]

1.e4 c6 2.d4 d5 3.Nd2 dxe4 4.Nxe4 Bf5 5.Ng3 Bg6 6.h4 h6 7.h5 Bh7 8.Bd3 
Bxd3 9.Qxd3 e6 10.Nf3 Nd7 11.Bd2 Ngf6 12.O-O-O Be7 13.Qe2 c5 14.Rhe1 O-O 
15.Nf5 Re8 16.Nxe7+ Qxe7 17.g4 Nxg4 18.Ne5 Ngf6 19.Rg1 Kh8 20.dxc5 Rad8 
21.Ba5 Rc8 22.Bb4 Nxc5 23.Rg3 Nd5 24.Qg4 Rg8 25.Rf3 Nf6 26.Qg6 Rgf8 27.Rg1
fxg6 28.Nxg6+ Kh7 29.Nxe7 Rc7 30.Ng6 Rfc8 31.Kb1 Nce4 32.Nf4 Ng5 33.Rc3 
Rc4 34.Rxc4 Rxc4 35.Bd6 Nfe4 36.Bb8 a6 37.Nd3 Nf6 38.Rh1 Nge4 39.Be5 Ng4 
40.Bg3 Ngf6 41.Be5 Ng4 42.b3 Rc8 43.Bd4 Nd2+ 44.Kc1 Nf3 45.Bb2 e5 46.Rh3 
e4 47.Nf4 Nxf2 48.Rg3 Rc7 49.Ne6 Re7 50.Bc3 Ng5 51.Nxg5+ hxg5 52.Rxg5 Kh6 
53.Rg6+ Kxh5 54.Rxg7 Rxg7 55.Bxg7 Kg4 56.Bd4 Kf3 57.Kd2 Ng4 58.a4 e3+ 59.
Ke1 Ke4 60.Bc5 Nf6 61.Ke2 Nd5 62.a5 Nf4+ 63.Kf1 Kf3 64.Bb4 e2+ 0-1

[Event "9th Asia-ch"]
[Site "Mashhad IRI"]
[Date "2011.05.07"]
[Round "6.18"]
[White "Ismagambetov, Anuar"]
[Black "Debashis, Das"]
[Result "1-0"]
[WhiteElo "2500"]
[BlackElo "2392"]
[EventDate "2011.05.02"]
[PlyCount "101"]

1.e4 e6 2.d4 d5 3.Nc3 dxe4 4.Nxe4 Bd7 5.Nf3 Bc6 6.Bd3 Nd7 7.O-O Ngf6 8.Ng3
Be7 9.c4 Bxf3 10.Qxf3 c6 11.b3 Qa5 12.Bc2 O-O 13.a3 Rfe8 14.Bb2 Rad8 15.
Rfe1 Bf8 16.h3 a6 17.Rac1 Qb6 18.Re2 Qa5 19.Rce1 Qc7 20.Nf1 Bd6 21.g4 Nf8 
22.g5 N6d7 23.d5 cxd5 24.cxd5 e5 25.Ng3 Ng6 26.Nf5 Ndf8 27.Be4 Rd7 28.h4 
Qd8 29.Qg4 Bb8 30.Re3 Ne7 31.Nxe7+ Rdxe7 32.h5 Bd6 33.Kg2 Qd7 34.Qf3 Qd8 
35.Qg4 Qd7 36.Qe2 Qd8 37.Rg3 Rc7 38.Rb1 Qe7 39.b4 a5 40.bxa5 Ra8 41.Bc3 
Ra6 42.g6 fxg6 43.hxg6 h6 44.Bd2 Bc5 45.Bg5 Qe8 46.Bxh6 gxh6 47.Rh3 Qd8 
48.d6 Rxd6 49.Qh5 Qf6 50.Rf3 Qg7 51.Rh1 1-0

[Event "9th Asia-ch"]
[Site "Mashhad IRI"]
[Date "2011.05.07"]
[Round "6.19"]
[White "Noroozi, Omid"]
[Black "Yang Kaiqi"]
[Result "0-1"]
[WhiteElo "2340"]
[BlackElo "2409"]
[EventDate "2011.05.02"]
[PlyCount "90"]

1.d4 Nf6 2.c4 e6 3.Nc3 Bb4 4.f3 d5 5.a3 Be7 6.e4 dxe4 7.fxe4 e5 8.d5 Bc5 
9.Be2 Ng4 10.Bxg4 Qh4+ 11.g3 Qxg4 12.Qxg4 Bxg4 13.h3 Bh5 14.Nb5 Na6 15.b4 
c6 16.Nc3 Bd4 17.Bb2 O-O-O 18.Nge2 f5 19.Nxd4 exd4 20.Ne2 Bf3 21.Rf1 Bxe4 
22.Nxd4 cxd5 23.Nxf5 Bd3 24.Ne7+ Kd7 25.Rf7 Rhe8 26.Kd2 dxc4 27.Re1 Rf8 
28.Rxg7 Rf2+ 29.Kc3 Rc2+ 30.Kd4 Rxb2 31.Re5 Kc7+ 32.Rd5 Rxd5+ 33.Nxd5+ Kd6
34.Rxb7 Re2 35.Nc3 Rd2 36.Rxa7 Nc7 37.b5 Bf1+ 38.Ke4 Bg2+ 39.Kf5 Bxh3+ 40.
Kg5 Ne6+ 41.Kh4 Rh2 42.g4 Bf1+ 43.Kg3 Rh3+ 44.Kf2 Rxc3 45.Kxf1 Rb3 0-1

[Event "9th Asia-ch"]
[Site "Mashhad IRI"]
[Date "2011.05.07"]
[Round "6.20"]
[White "Vaibhav, Suri"]
[Black "Ahmadinia, Ebrahim"]
[Result "1/2-1/2"]
[WhiteElo "2430"]
[BlackElo "2429"]
[EventDate "2011.05.02"]
[PlyCount "67"]

1.e4 e5 2.Nf3 Nc6 3.Bb5 a6 4.Ba4 Nf6 5.O-O b5 6.Bb3 Bb7 7.d3 Be7 8.a4 O-O 
9.Re1 d6 10.h3 Na5 11.Ba2 c5 12.Nbd2 bxa4 13.Nf1 Rb8 14.Ne3 Bc8 15.Nd2 Re8
16.Nb1 Bd7 17.Nc3 Bf8 18.Rf1 g6 19.f4 Nc6 20.f5 Kg7 21.Ncd5 Nxd5 22.Bxd5 
Nb4 23.Bc4 Bb5 24.Bxf7 Kxf7 25.fxg6+ Kg8 26.gxh7+ Kh8 27.Qg4 Be7 28.Nf5 
Bf6 29.Nh4 Rb7 30.Ng6+ Kxh7 31.Rf5 Rg7 32.Qh5+ Kg8 33.Bh6 Rh7 34.Nh4 
1/2-1/2

[Event "9th Asia-ch"]
[Site "Mashhad IRI"]
[Date "2011.05.07"]
[Round "6.21"]
[White "Hou Yifan"]
[Black "Sadeh, Shahin"]
[Result "1-0"]
[WhiteElo "2612"]
[BlackElo "2343"]
[EventDate "2011.05.02"]
[PlyCount "101"]

1.e4 g6 2.d4 Bg7 3.Nc3 c6 4.h3 b5 5.Be3 b4 6.Nce2 d5 7.e5 h5 8.f4 Nh6 9.
Bf2 a5 10.Nf3 Nf5 11.g3 Na6 12.Bg2 Nc7 13.Qd2 Ba6 14.Nc1 Ne6 15.Bf1 Bxf1 
16.Rxf1 c5 17.dxc5 h4 18.Nxh4 Nxh4 19.gxh4 d4 20.Nb3 Qd5 21.O-O-O a4 22.
Nxd4 Qxa2 23.Qxb4 Nxf4 24.Qa3 Qxa3 25.bxa3 Bxe5 26.Rde1 Bg7 27.Nb5 Rb8 28.
Nd6+ Kf8 29.Bg3 Nh5 30.Rxf7+ Kg8 31.Rxg7+ Kxg7 32.Rxe7+ Kf6 33.Rf7+ Ke6 
34.Bh2 Rbd8 35.Rf1 Rh7 36.c6 Kd5 37.c7 Rxc7 38.Nf7 Rdc8 39.Bxc7 Rxc7 40.
Rd1+ Ke6 41.Ng5+ Ke5 42.Rd4 Kf5 43.Re4 Ra7 44.Rd4 Nf4 45.Kd2 Ra8 46.c4 Rh8
47.c5 Rxh4 48.c6 Rh8 49.Nf7 Rf8 50.c7 Ne6 51.Rd8 1-0

[Event "9th Asia-ch"]
[Site "Mashhad IRI"]
[Date "2011.05.07"]
[Round "6.22"]
[White "Annageldiev, Orazly"]
[Black "Yu Ruiyuan"]
[Result "1-0"]
[WhiteElo "2418"]
[BlackElo "2431"]
[EventDate "2011.05.02"]
[PlyCount "85"]

1.d4 d5 2.c4 c6 3.Nf3 Nf6 4.e3 Bf5 5.Nc3 e6 6.Nh4 Bg6 7.Qb3 Qb6 8.Nxg6 
hxg6 9.Bd2 Nbd7 10.O-O-O Qxb3 11.axb3 Bb4 12.f3 O-O-O 13.Bd3 e5 14.Kc2 
Bxc3 15.Bxc3 e4 16.Be2 exf3 17.gxf3 Rde8 18.Kd2 Rh3 19.Bb4 g5 20.Rdg1 g4 
21.Rf1 Reh8 22.fxg4 Ne4+ 23.Kd3 Ng3 24.hxg3 Rxh1 25.Rxf7 Nf6 26.g5 Ne4 27.
cxd5 cxd5 28.Bf3 Nxg5 29.Bxh1 Nxf7 30.Bxd5 Nd8 31.Bd6 Rh2 32.Be5 g6 33.Bf3
Nc6 34.Bg4+ Kd8 35.Bf6+ Kc7 36.d5 Nb4+ 37.Kc4 Nc2 38.Be5+ Kb6 39.Bf4 Rf2 
40.Kc3 Ne1 41.e4 Rc2+ 42.Kd4 Ng2 43.Bg5 1-0

[Event "9th Asia-ch"]
[Site "Mashhad IRI"]
[Date "2011.05.07"]
[Round "6.24"]
[White "Bakr, Jwan"]
[Black "Arabi, Saeid"]
[Result "0-1"]
[WhiteElo "2368"]
[BlackElo "2159"]
[EventDate "2011.05.02"]
[PlyCount "94"]

1.d4 Nf6 2.c4 g6 3.Nc3 Bg7 4.e4 d6 5.Be2 O-O 6.Bg5 Nbd7 7.Qd2 c5 8.d5 b5 
9.cxb5 a6 10.f3 axb5 11.Bxb5 Ba6 12.Bxa6 Rxa6 13.Nge2 Ne5 14.O-O Qb6 15.
Rab1 Rb8 16.b3 Ra7 17.a4 Qb4 18.Nb5 Qxd2 19.Bxd2 Ra6 20.Nec3 Ne8 21.Kf2 
Nd3+ 22.Ke2 Nb4 23.Rfc1 Raa8 24.Nd1 Na6 25.Ne3 Bh6 26.g3 Bxe3 27.Kxe3 Rb7 
28.Kd3 Rab8 29.Ba5 Nf6 30.Bc3 Nd7 31.f4 Nb6 32.Na3 f5 33.Ba5 fxe4+ 34.Kxe4
Nd7 35.Kd3 Rxb3+ 36.Rxb3 Rxb3+ 37.Rc3 Rb2 38.Rc2 Nb4+ 39.Bxb4 Rxb4 40.Rc4 
Nb6 41.Rxb4 cxb4 42.Nc2 b3 43.Nd4 b2 44.Kc2 Nd7 45.Nb5 Kf7 46.Nd4 Kf6 47.
Kb1 h5 0-1

[Event "9th Asia-ch"]
[Site "Mashhad IRI"]
[Date "2011.05.07"]
[Round "6.25"]
[White "Khademi, Mohammad Miran"]
[Black "Yang Ching Wei, Austin"]
[Result "1-0"]
[WhiteElo "2308"]
[BlackElo "1717"]
[EventDate "2011.05.02"]
[PlyCount "122"]

1.f4 d5 2.Nf3 c5 3.g3 Nc6 4.Bg2 g6 5.d3 Bg7 6.O-O Nf6 7.Qe1 d4 8.e4 dxe3 
9.Qxe3 Nd4 10.Na3 O-O 11.Ne5 Nd5 12.Qf2 f6 13.Nec4 b5 14.Ne3 Nxe3 15.Bxe3 
Rb8 16.c3 b4 17.Nc4 bxc3 18.bxc3 Ne6 19.Rad1 Qc7 20.f5 gxf5 21.Qxf5 Nd4 
22.Qh5 Nc2 23.Bd5+ Kh8 24.Bf4 e5 25.Nxe5 fxe5 26.Bxe5 Bg4 27.Bxc7 Bxh5 28.
Bxb8 Bxd1 29.Rxf8+ Bxf8 30.Bxa7 Ne3 31.Bc6 Kg7 32.a4 Kf7 33.a5 Nf5 34.a6 
Nd6 35.Bxc5 Nc8 36.Bd4 Bg7 37.Bd5+ Kg6 38.Be3 Bh6 39.Be4+ Kh5 40.Bf2 Bg7 
41.h3 Ba4 42.c4 Be5 43.Bb7 Bd7 44.g4+ Kg5 45.c5 Na7 46.d4 Bb8 47.d5 Be8 
48.c6 Nb5 49.Kg2 Bf7 50.c7 Nxc7 51.d6 Nxa6 52.d7 Bc7 53.Bxa6 Bd5+ 54.Kf1 
Bc6 55.Bc8 Bd8 56.h4+ Kxg4 57.Bb6 Bb5+ 58.Kg2 Bc6+ 59.Kh2 Bc7+ 60.Bxc7 
Bxd7 61.Bxd7+ Kxh4 1-0

[Event "9th Asia-ch"]
[Site "Mashhad IRI"]
[Date "2011.05.08"]
[Round "7.1"]
[White "Sasikiran, Krishnan"]
[Black "Yu Yangyi"]
[Result "1/2-1/2"]
[WhiteElo "2676"]
[BlackElo "2646"]
[EventDate "2011.05.02"]
[PlyCount "119"]

1.d4 Nf6 2.c4 e6 3.g3 Bb4+ 4.Bd2 Be7 5.Bg2 d5 6.Nf3 O-O 7.O-O c6 8.Qc2 b6 
9.Rd1 Nbd7 10.Bf4 Ba6 11.b3 Rc8 12.Nc3 h6 13.e4 dxc4 14.Nd2 b5 15.bxc4 
bxc4 16.Bf1 Nb6 17.a4 Bb4 18.a5 Nbd7 19.Na4 Bxd2 20.Bxd2 Qe7 21.Bc1 Rfe8 
22.Ba3 Qd8 23.f3 Bb5 24.Bb4 Qc7 25.Bxc4 e5 26.dxe5 Qxe5 27.Bd6 Qh5 28.Kg2 
Nd5 29.Rd3 Qg6 30.Bxb5 cxb5 31.Qd1 N5f6 32.Nc3 a6 33.Ne2 Nc5 34.Nf4 Qh7 
35.Bxc5 Rxc5 36.Rd8 Re5 37.Rc1 g5 38.Rc6 Qg7 39.Rdd6 Ng4 40.fxg4 gxf4 41.
Rxa6 Rxe4 42.Rd8 Qb2+ 43.Kh3 fxg3 44.hxg3 Qe2 45.Qxe2 Rxe2 46.Rxe8+ Rxe8 
47.Rb6 Re2 48.Rxb5 Ra2 49.g5 hxg5 50.Rxg5+ Kh7 51.Kg4 f6 52.Rc5 Kg6 53.Rd5
Ra4+ 54.Kf3 f5 55.Rd6+ Kg5 56.a6 Ra3+ 57.Kf2 Kg4 58.Rg6+ Kh5 59.Rf6 Kg5 
60.Rb6 1/2-1/2

[Event "9th Asia-ch"]
[Site "Mashhad IRI"]
[Date "2011.05.08"]
[Round "7.2"]
[White "Harikrishna, Pentala"]
[Black "Ganguly, Surya Shekhar"]
[Result "1/2-1/2"]
[WhiteElo "2666"]
[BlackElo "2643"]
[EventDate "2011.05.02"]
[PlyCount "55"]

1.g3 e5 2.Bg2 d5 3.d3 Nc6 4.Nf3 Nf6 5.O-O Be7 6.Nbd2 a5 7.e4 dxe4 8.dxe4 
Bc5 9.b3 b6 10.Nc4 Qxd1 11.Rxd1 Ng4 12.Rd2 Be6 13.Nb2 Nd4 14.Na4 Nxf3+ 15.
Bxf3 Bb4 16.Rd3 Rd8 17.Bb2 f6 18.Rxd8+ Kxd8 19.a3 Be7 20.b4 axb4 21.axb4 
Nh6 22.Bc3 Nf7 23.Be2 Kc8 24.Nb2 Kb7 25.Ba6+ Kb8 26.Bb5 Kb7 27.Ba6+ Kb8 
28.Bb5 1/2-1/2

[Event "9th Asia-ch"]
[Site "Mashhad IRI"]
[Date "2011.05.08"]
[Round "7.3"]
[White "Bu Xiangzhi"]
[Black "Adhiban, Baskaran"]
[Result "1-0"]
[WhiteElo "2662"]
[BlackElo "2543"]
[EventDate "2011.05.02"]
[PlyCount "80"]

1.c4 e6 2.Nf3 d5 3.d4 Nf6 4.Bg5 Be7 5.Nc3 h6 6.Bxf6 Bxf6 7.Qb3 c5 8.dxc5 
O-O 9.Qa3 dxc4 10.e3 Nd7 11.Bxc4 Qc7 12.b4 a5 13.Nd4 Nb6 14.Bb5 axb4 15.
Qxb4 Nd7 16.Bxd7 Bxd7 17.O-O Rfc8 18.Ne4 Be7 19.Rfb1 Bxc5 20.Nxc5 Qxc5 21.
Qxb7 Rxa2 22.Qxc8+ Qxc8 23.Rxa2 e5 24.Ne2 g6 25.h3 Kg7 26.Rd2 Be6 27.Rc1 
Qb8 28.Nc3 Qb4 29.Kh2 Qa3 30.Rcc2 Bb3 31.Rb2 Bc4 32.Nb5 Bxb5 33.Rxb5 Qe7 
34.Rdd5 e4 35.Re5 Qd6 36.g3 Qd1 37.Rbd5 Qf3 38.Kg1 h5 39.h4 f6 40.Re6 Kh6 
1-0

[Event "9th Asia-ch"]
[Site "Mashhad IRI"]
[Date "2011.05.08"]
[Round "7.4"]
[White "Zhumabaev, Rinat"]
[Black "Nguyen Ngoc Truong Son"]
[Result "1/2-1/2"]
[WhiteElo "2558"]
[BlackElo "2635"]
[EventDate "2011.05.02"]
[PlyCount "76"]

1.d4 d5 2.c4 c6 3.Nc3 e6 4.e3 f5 5.Bd3 Nf6 6.Qc2 a6 7.Nge2 Bd6 8.f3 b5 9.
c5 Bc7 10.e4 b4 11.Na4 dxe4 12.fxe4 Nxe4 13.Bxe4 Qh4+ 14.g3 Qxe4 15.Qxe4 
fxe4 16.Bf4 Ra7 17.Nb6 Bxb6 18.Bxb8 Rb7 19.Be5 Bc7 20.Bxg7 Bxg3+ 21.Nxg3 
Rxg7 22.Nxe4 O-O 23.O-O-O a5 24.Rhg1 Ba6 25.Rxg7+ Kxg7 26.Rg1+ Kh6 27.Kd2 
Bc4 28.a3 Rf3 29.Rg3 Rf1 30.axb4 axb4 31.Ke3 Re1+ 32.Kf4 Bd5 33.Re3 Rf1+ 
34.Ke5 Rf5+ 35.Kd6 Rf4 36.Ke5 Rf5+ 37.Kd6 Rf4 38.Ke5 Rf5+ 1/2-1/2

[Event "9th Asia-ch"]
[Site "Mashhad IRI"]
[Date "2011.05.08"]
[Round "7.5"]
[White "Negi, Parimarjan"]
[Black "Moradiabadi, Elshan"]
[Result "0-1"]
[WhiteElo "2622"]
[BlackElo "2536"]
[EventDate "2011.05.02"]
[PlyCount "103"]

1.e4 e5 2.Nf3 Nc6 3.Bb5 Nf6 4.O-O Nxe4 5.d4 Nd6 6.Bxc6 dxc6 7.dxe5 Nf5 8.
Qxd8+ Kxd8 9.Nc3 Ke8 10.h3 h5 11.Bf4 Be7 12.Rad1 Be6 13.Ne2 Rd8 14.Ned4 
Nxd4 15.Nxd4 Bc8 16.c3 g5 17.Bc1 Rg8 18.Ne2 Rd5 19.f4 gxf4 20.Rxd5 cxd5 
21.Nxf4 c6 22.Be3 b6 23.Rf3 Rh8 24.a4 Rh7 25.Ne2 Be6 26.b4 Kd7 27.Rf1 Rg7 
28.Kh2 Rg8 29.Nf4 Rh8 30.b5 Rc8 31.Nxh5 cxb5 32.axb5 Rxc3 33.Bg1 Ra3 34.
Nf6+ Bxf6 35.exf6 Ra5 36.Rb1 Bf5 37.Rb3 Bc2 38.Rb2 Bd3 39.Rd2 Be4 40.Rb2 
Ke6 41.Bd4 Ra4 42.Rd2 Rb4 43.Kg3 Rxb5 44.Kf4 Rb1 45.g4 a5 46.Rb2 Rxb2 47.
Bxb2 b5 48.h4 b4 49.Bd4 a4 50.h5 Bh7 51.Ke3 a3 52.Bc5 0-1

[Event "9th Asia-ch"]
[Site "Mashhad IRI"]
[Date "2011.05.08"]
[Round "7.6"]
[White "Wen Yang"]
[Black "Zhao Jun"]
[Result "1/2-1/2"]
[WhiteElo "2545"]
[BlackElo "2574"]
[EventDate "2011.05.02"]
[PlyCount "61"]

1.e4 c5 2.Nf3 d6 3.d4 cxd4 4.Nxd4 Nf6 5.Nc3 g6 6.Be3 Bg7 7.f3 O-O 8.Qd2 
Nc6 9.O-O-O d5 10.exd5 Nxd5 11.Nxc6 bxc6 12.Bd4 Nxc3 13.Qxc3 Bh6+ 14.Be3 
Bxe3+ 15.Qxe3 Qb6 16.Qxe7 Be6 17.Qa3 Rad8 18.Bd3 Rd5 19.b3 Rfd8 20.Rde1 c5
21.Bc4 R5d7 22.Bxe6 fxe6 23.Rd1 Rxd1+ 24.Rxd1 Rxd1+ 25.Kxd1 c4 26.Qe7 Qg1+
27.Kd2 Qd4+ 28.Ke2 Qe5+ 29.Kf2 Qd4+ 30.Kg3 Qe5+ 31.Kh3 1/2-1/2

[Event "9th Asia-ch"]
[Site "Mashhad IRI"]
[Date "2011.05.08"]
[Round "7.7"]
[White "Barbosa, Oliver"]
[Black "Kasimdzhanov, Rustam"]
[Result "1/2-1/2"]
[WhiteElo "2506"]
[BlackElo "2685"]
[EventDate "2011.05.02"]
[PlyCount "69"]

1.d4 Nf6 2.c4 e6 3.g3 d5 4.Nf3 dxc4 5.Bg2 a6 6.O-O Nc6 7.Nc3 Rb8 8.e4 b5 
9.d5 Nb4 10.Ne5 Bd6 11.f4 exd5 12.a3 Nd3 13.Nxd3 cxd3 14.Nxd5 Nxd5 15.exd5
O-O 16.Qxd3 Qf6 17.Be4 Bh3 18.Re1 Bc5+ 19.Be3 Bxe3+ 20.Rxe3 Qxb2 21.Rb1 
Qf6 22.Bxh7+ Kh8 23.Be4 Rfe8 24.Rbe1 Qb6 25.Kh1 b4 26.axb4 Qxb4 27.Qe2 f5 
28.Bxf5 Rxe3 29.Qh5+ Kg8 30.Qh7+ Kf8 31.Rxe3 Qd4 32.Qh8+ Kf7 33.Qh5+ Kf8 
34.Qh8+ Kf7 35.Qh5+ 1/2-1/2

[Event "9th Asia-ch"]
[Site "Mashhad IRI"]
[Date "2011.05.08"]
[Round "7.8"]
[White "So, Wesley"]
[Black "Gomez, John Paul"]
[Result "1-0"]
[WhiteElo "2667"]
[BlackElo "2538"]
[EventDate "2011.05.02"]
[PlyCount "97"]

1.e4 e6 2.d4 d5 3.Nc3 Nf6 4.e5 Nfd7 5.f4 c5 6.Nf3 Nc6 7.Be3 a6 8.Qd2 b5 9.
a3 Bb7 10.Bd3 Be7 11.O-O O-O 12.Kh1 f6 13.exf6 Bxf6 14.Be2 cxd4 15.Nxd4 
Nxd4 16.Bxd4 Bxd4 17.Qxd4 Qb6 18.Qxb6 Nxb6 19.b3 Rae8 20.Bg4 Nd7 21.Rae1 
Nc5 22.Re5 Rf6 23.Ne2 Nd7 24.Re3 Nc5 25.Kg1 Ne4 26.Bf3 Nd2 27.Re1 Rc8 28.
Bg4 Rxc2 29.Nd4 Rb2 30.Bxe6+ Kf8 31.f5 g6 32.R3e2 Nxb3 33.Rxb2 Nxd4 34.
Rbe2 Nxf5 35.Rf2 h5 36.Re5 a5 37.Bxf5 gxf5 38.Rexf5 Rxf5 39.Rxf5+ Ke7 40.
h4 Kd6 41.g4 Bc8 42.Rf6+ Ke5 43.g5 d4 44.Rb6 d3 45.Kf2 Kd4 46.g6 Bf5 47.g7
Bh7 48.Rxb5 Kc3 49.Rc5+ 1-0

[Event "9th Asia-ch"]
[Site "Mashhad IRI"]
[Date "2011.05.08"]
[Round "7.9"]
[White "Zhou Weiqi"]
[Black "Ismagambetov, Anuar"]
[Result "1-0"]
[WhiteElo "2610"]
[BlackElo "2500"]
[EventDate "2011.05.02"]
[PlyCount "95"]

1.d4 Nf6 2.c4 e6 3.Nf3 c5 4.d5 exd5 5.cxd5 d6 6.Nc3 g6 7.Bg5 Bg7 8.e3 O-O 
9.Be2 a6 10.a4 Nbd7 11.O-O h6 12.Bh4 Qe7 13.Nd2 g5 14.Bg3 Ne5 15.Qc2 Rb8 
16.a5 Ne8 17.Rae1 b5 18.axb6 Rxb6 19.f4 Ng4 20.Bxg4 Bxg4 21.f5 Rb4 22.Nde4
Bxc3 23.Nxc3 Nf6 24.h3 Bh5 25.e4 Nd7 26.f6 Nxf6 27.Bxd6 Qxd6 28.e5 Bg6 29.
Qxg6+ fxg6 30.exd6 Rbb8 31.Re6 Kg7 32.Re7+ Kg8 33.Rc7 g4 34.hxg4 Nxg4 35.
d7 Rbd8 36.Ra1 Nf6 37.Rxa6 Kg7 38.Raa7 Rf7 39.d6 Nxd7 40.Ne4 Ne5 41.Re7 
Kf8 42.Rac7 Nd7 43.Rxf7+ Kxf7 44.Nxc5 Ke8 45.b4 h5 46.Kh2 g5 47.Kg3 h4+ 
48.Kh3 1-0

[Event "9th Asia-ch"]
[Site "Mashhad IRI"]
[Date "2011.05.08"]
[Round "7.10"]
[White "Paragua, Mark"]
[Black "Yang Kaiqi"]
[Result "1-0"]
[WhiteElo "2542"]
[BlackElo "2409"]
[EventDate "2011.05.02"]
[PlyCount "109"]

1.e4 c5 2.Nf3 Nc6 3.Bb5 g6 4.O-O Bg7 5.c3 Nf6 6.Re1 O-O 7.h3 Qb6 8.Bf1 d6 
9.Na3 Nd7 10.d4 cxd4 11.Nc4 Qd8 12.cxd4 Nb6 13.Be3 Nxc4 14.Bxc4 Na5 15.Bd3
d5 16.Rc1 dxe4 17.Bxe4 e6 18.Ne5 Bd7 19.Qf3 Nc6 20.Nxd7 Qxd7 21.Rxc6 bxc6 
22.Bxc6 Qd8 23.Bxa8 Qxa8 24.Qxa8 Rxa8 25.Rc1 Rd8 26.Rc4 f5 27.f4 Rd7 28.
Kf2 Kf7 29.Ke2 Bf6 30.Ra4 h6 31.b3 g5 32.d5 Rxd5 33.Rxa7+ Kg6 34.g3 e5 35.
Ra6 exf4 36.gxf4 g4 37.h4 h5 38.a4 Kf7 39.a5 Bxh4 40.Ra8 Bd8 41.a6 h4 42.
b4 h3 43.Rc8 h2 44.Rc1 Bf6 45.a7 Rd8 46.Rh1 g3 47.Kf3 Re8 48.Bc5 Ke6 49.
Kxg3 Kd5 50.Rxh2 Bc3 51.Rh7 Rg8+ 52.Kf3 Be1 53.Rb7 Kc4 54.Rb8 Rg3+ 55.Ke2 
1-0

[Event "9th Asia-ch"]
[Site "Mashhad IRI"]
[Date "2011.05.08"]
[Round "7.11"]
[White "Lu Shanglei"]
[Black "Cao Sang"]
[Result "1/2-1/2"]
[WhiteElo "2473"]
[BlackElo "2547"]
[EventDate "2011.05.02"]
[PlyCount "86"]

1.e4 c5 2.Nf3 Nc6 3.Bb5 g6 4.Bxc6 dxc6 5.d3 Bg7 6.h3 b6 7.O-O e5 8.Bd2 f6 
9.a4 a5 10.Qc1 Be6 11.Nc3 Ne7 12.Bh6 O-O 13.Bxg7 Kxg7 14.Qe3 Ra7 15.Ne2 
Rd7 16.Rad1 g5 17.Rd2 Ng6 18.c3 Nf4 19.Nc1 Qe8 20.Nh2 Qe7 21.Rfd1 Rfd8 22.
Nf1 Rd6 23.Qg3 Kh8 24.Ne3 Qf7 25.Nc2 Qh5 26.f3 Qf7 27.d4 Bb3 28.Nxb3 Qxb3 
29.h4 cxd4 30.cxd4 gxh4 31.Qxh4 Rg8 32.Ne1 Qe3+ 33.Kh1 exd4 34.g3 Ng6 35.
Qh3 Ne5 36.Rh2 Rd7 37.Qf5 Qg5 38.Qe6 Qg6 39.g4 Re8 40.Qb3 Qf7 41.Qxb6 Nc4 
42.Qxc6 Ne3 43.Rdd2 Rc7 1/2-1/2

[Event "9th Asia-ch"]
[Site "Mashhad IRI"]
[Date "2011.05.08"]
[Round "7.12"]
[White "Gopal, Geetha Narayanan"]
[Black "Kunte, Abhijit"]
[Result "1/2-1/2"]
[WhiteElo "2592"]
[BlackElo "2526"]
[EventDate "2011.05.02"]
[PlyCount "60"]

1.e4 c5 2.Nf3 e6 3.d4 cxd4 4.Nxd4 Nc6 5.Nc3 Qc7 6.Be3 a6 7.Qd2 Nf6 8.O-O-O
Bb4 9.f3 O-O 10.g4 b5 11.g5 Nh5 12.Nxc6 dxc6 13.f4 Bb7 14.Qd7 Qb8 15.Ne2 
e5 16.f5 Rd8 17.Qxd8+ Qxd8 18.Rxd8+ Rxd8 19.Bg2 g6 20.f6 Bc8 21.h4 Ba5 22.
Bf3 Be6 23.a3 Bc7 24.Bc5 Bd6 25.Bxd6 Rxd6 26.b4 Kf8 27.Rd1 Rxd1+ 28.Kxd1 
Ke8 29.Kd2 Kd7 30.Kd3 Kd6 1/2-1/2

[Event "9th Asia-ch"]
[Site "Mashhad IRI"]
[Date "2011.05.08"]
[Round "7.13"]
[White "Darini, Pouria"]
[Black "Megaranto, Susanto"]
[Result "0-1"]
[WhiteElo "2471"]
[BlackElo "2529"]
[EventDate "2011.05.02"]
[PlyCount "100"]

1.e4 c6 2.d4 d5 3.exd5 Qxd5 4.Nc3 Qa5 5.Nf3 Nf6 6.Bc4 Bf5 7.O-O e6 8.h3 
Nbd7 9.Nh4 Bg6 10.Nxg6 hxg6 11.Qe2 O-O-O 12.Rd1 Nb6 13.Bb3 Rh4 14.Be3 Bd6 
15.a4 Rdh8 16.Rd3 a6 17.Bd2 Bb4 18.Rd1 Rd8 19.Be1 Rhh8 20.Ne4 Nxe4 21.Qxe4
Bxe1 22.Qxe1 Qxe1+ 23.Rxe1 Rh5 24.Re4 Nd7 25.Rf4 Nf6 26.Kf1 Ra5 27.Rff3 b5
28.axb5 Ra1+ 29.Ke2 axb5 30.c3 Rb1 31.Rd2 Kd7 32.Re3 Ra8 33.Kf3 Raa1 34.
Ree2 Ne8 35.h4 Nd6 36.Re5 Nb7 37.Bc2 Rxb2 38.Rde2 Rc1 39.Bd3 Rxe2 40.Kxe2 
Rxc3 41.Kd2 Ra3 42.Rg5 Ra2+ 43.Ke3 Ke7 44.Be4 Nd6 45.Bxc6 Nf5+ 46.Kd3 Ra3+
47.Kd2 Nxd4 48.Bxb5 Ra2+ 49.Kd1 f6 50.Rxg6 Nxb5 0-1

[Event "9th Asia-ch"]
[Site "Mashhad IRI"]
[Date "2011.05.08"]
[Round "7.14"]
[White "Sethuraman, Panayapan"]
[Black "Djao Thien Hai"]
[Result "1-0"]
[WhiteElo "2527"]
[BlackElo "2512"]
[EventDate "2011.05.02"]
[PlyCount "87"]

1.d4 d5 2.c4 c6 3.Nc3 Nf6 4.e3 a6 5.Nf3 b5 6.b3 Bg4 7.Be2 e6 8.O-O Nbd7 9.
Bb2 Bd6 10.h3 Bxf3 11.Bxf3 O-O 12.e4 b4 13.e5 bxc3 14.Bxc3 Be7 15.exf6 
Bxf6 16.Rc1 Re8 17.Re1 Qb6 18.Rc2 g6 19.Rce2 Rec8 20.Qd3 a5 21.g3 Qa6 22.
Bg4 Kg7 23.h4 h5 24.Bxe6 fxe6 25.Rxe6 Rf8 26.g4 hxg4 27.Qg3 Qc8 28.Qxg4 
Rf7 29.h5 Nf8 30.hxg6 Rb7 31.Qf5 Nxe6 32.Rxe6 Qf8 33.Bd2 Bh4 34.Qe5+ Kg8 
35.f4 Re7 36.f5 Qg7 37.cxd5 Rae8 38.Qe4 Bf6 39.d6 Rxe6 40.fxe6 Bxd4+ 41.
Kg2 Qf6 42.d7 Rf8 43.Qf4 Qxg6+ 44.Qg5 1-0